000 00606nam a2200217 a 4500
001 BRCA_3528
005 20190320204324.0
008 270709s1867----gw-#---###---#000-0#ger-#
041 _ager
044 _agw
050 4 _aD907
_b.A93 1867
245 1 0 _aAus meinem Leben
_bReiseskizzen, Aphorismen, Gedichte.
260 _aLeipzig
_bDuncker und Humblot
_c1867
300 _a7 t. en 3 v.
_c19 cm.
500 _aB194
651 4 _aEuropa
_xDescripción y viajes
_94974
651 4 _aBrasil
_xDescripción y viajes
_9635
651 4 _aArgelia
_xDescripción y viajes
_99163
902 _aGFM
942 _2lcc
_cB
999 _c3263
_d3263